Countries With Cities With More Than 10 Million People - Statistics

General Stats
  • This quiz has been taken 114 times
  • The average score is 23 of 25
Answer Stats
# Biggest Answer % Correct
2 23,7 mil Brazil
100%
11 65,0 mil China
100%
5 32,4 mil India
100%
1 17,4 mil Russia
99%
1 14,8 mil United Kingdom
99%
2 23,0 mil United States
99%
1 16,8 mil Argentina
98%
1 28,6 mil Indonesia
98%
1 24,8 mil Mexico
98%
2 18,6 mil Pakistan
98%
1 21,9 mil Egypt
97%
1 11,2 mil France
97%
3 40,7 mil Japan
97%
1 20,7 mil Nigeria
96%
1 16,5 mil Turkey
95%
1 20,9 mil Bangladesh
92%
1 24,8 mil South Korea
92%
1 14,5 mil South Africa
90%
1 15,8 mil Iran
88%
1 19,9 mil Thailand
88%
1 14,4 mil DR Congo
86%
1 11,4 mil Peru
85%
1 10,9 mil Vietnam
85%
1 10,1 mil Colombia
84%
1 26,4 mil Philippines
84%
No matching quizzes found
Score Distribution
Percent of People with Each Score
Percentile by Number Answered
Your Score History
You have not taken this quiz